|
|
|
|
| LEADER |
01662nam a22002657a 4500 |
| 008 |
130923b xxu||||| |||| 00| 0 eng d |
| 999 |
|
|
|c 3517
|d 3517
|
| 020 |
|
|
|a 9788126439928
|
| 082 |
|
|
|a 294.561
|b NAR
|
| 100 |
|
|
|a ശ്രീനാരായണഗുരു
|
| 240 |
|
|
|a Sthothrakruthikal
|
| 245 |
|
|
|a സ്തോത്രകൃതികള് /
|c ശ്രീനാരായണഗുരു
|
| 250 |
|
|
|a 1st ed.
|
| 260 |
|
|
|a കോട്ടയം :
|b ഡി.സി. ബുക്സ്,
|c 2013.
|
| 300 |
|
|
|a 118p.
|
| 650 |
|
|
|a Religion
|
| 650 |
|
|
|a മതം
|
| 700 |
|
|
|a Narayanaguru
|
| 942 |
|
|
|2 ddc
|c BK
|
| 952 |
|
|
|0 0
|1 0
|2 ddc
|4 0
|6 294_561000000000000_NAR
|7 0
|9 4225
|a MAIN
|b MAIN
|d 2013-09-23
|e D. C. Books
|g 75.00
|o 294.561 NAR
|p 4448
|r 2013-09-23
|w 2013-09-23
|y BK
|
| 952 |
|
|
|0 0
|1 0
|2 ddc
|4 0
|6 294_561000000000000_NAR
|7 0
|9 7230
|a MAIN
|b MAIN
|d 2014-01-13
|e Current Books, Calicut (D. C. Books)
|g 75.00
|o 294.561 NAR
|p 7258
|r 2014-01-13
|t 2
|w 2014-01-13
|y BK
|
| 952 |
|
|
|0 0
|1 0
|2 ddc
|4 0
|6 294_561000000000000_NAR
|7 0
|9 7231
|a MAIN
|b MAIN
|d 2014-01-13
|e Current Books, Calicut (D. C. Books)
|g 75.00
|o 294.561 NAR
|p 7259
|r 2014-01-13
|t 3
|w 2014-01-13
|y BK
|
| 952 |
|
|
|0 0
|1 0
|2 ddc
|4 0
|6 294_561000000000000_NAR
|7 0
|9 7232
|a MAIN
|b MAIN
|d 2014-01-13
|e Current Books, Calicut (D. C. Books)
|g 75.00
|o 294.561 NAR
|p 7260
|r 2014-01-13
|t 4
|w 2014-01-13
|y BK
|
| 952 |
|
|
|0 0
|1 0
|2 ddc
|4 0
|6 294_561000000000000_NAR
|7 0
|9 10626
|a MAIN
|b MAIN
|d 2014-08-27
|e Current Books, Calicut (D. C. Books)
|g 75.00
|o 294.561 NAR
|p 10900
|r 2014-08-27
|w 2014-08-27
|y BK
|
| 952 |
|
|
|0 0
|1 0
|2 ddc
|4 0
|6 294_561000000000000_NAR
|7 0
|9 10627
|a MAIN
|b MAIN
|d 2014-08-27
|e Current Books, Calicut (D. C. Books)
|g 75.00
|o 294.561 NAR
|p 10901
|r 2014-08-27
|w 2014-08-27
|y BK
|